000 00724 a2200229 4500
020 _a061831847X
040 _aDLC
_bDLC
100 1 _aTrimmer, Joseph F.
245 1 4 _aThe new writing with a purpose
_cJoseph F. Trimmer.
246 3 0 _aWriting with a purpose.
250 _a14th ed.
260 _aBoston :
_bHoughton Mifflin,
_cc2004.
300 _axix, 597, [15] p. :
_bcol. ill. ;
_c24 cm.
500 _aRev. ed. of: Writing with a purpose / Joseph F. Trimmer. 13th ed. c2001.
500 _aIncludes indexes.
650 0 _aEnglish language
_xRhetoric.
650 0 _aEnglish language
_xGrammar
650 0 _aReport writing
650 0 _aCollege readers.
700 1 _aTrimmer, Joseph F.
942 _cBK
_k808.042 TRI
_2ddc
999 _c4840
_d4840